| 000 | 01463nam a2200325 a 4500 | ||
|---|---|---|---|
| 999 |
_c334315 _d334315 |
||
| 003 | BLK | ||
| 005 | 20241121125404.0 | ||
| 008 | 181206b bu ||||| |||| 00| 0 bu d | ||
| 020 | _a9789542984993 | ||
| 040 | _aBLK | ||
| 041 |
_aBUL _cBUL |
||
| 080 |
_aЛатинска (римска) литература _b821.124 _x-94 _z821.124-94 |
||
| 100 |
_aМарк Аврелий, римски император _eпърви автор _9321420 |
||
| 139 |
_aМарк Аврелий _bА 20 |
||
| 240 | _aThoughts of Marcus Aurelius | ||
| 245 | _aКъм себе си | ||
| 260 |
_9212075 _aСофия _bХеликон _c2019 _fМултипринт ЕООД |
||
| 300 |
_a248 с. _c22 см |
||
| 380 | _aX | ||
| 500 | _aПрев. по: Thoughts of Marcus Aurelius, установено от доп. източник Кратка биография на Марк Аврелий Антонин / Джордж Лонг: с. 9-21 Философията на Марк Аврелий Антонин / Джордж Лонг: с. 163-187 | ||
| 650 | 7 |
_9160145 _aЛатинска литература |
|
| 653 | 7 |
_9190534 _aМарк Аврелий |
|
| 653 | 7 |
_9191130 _aмисли |
|
| 700 |
_9966 _aЛонг, Джордж _eпрев. |
||
| 700 |
_91311 _aГин, Едуин _eред. |
||
| 700 |
_aЖелева, Силвия Вангелова _9325826 |
||
| 852 |
_bП _cП 871-9/М 32 |
||
| 942 |
_cKNG _n0 _s1 _015 |
||
| 944 |
_k30531 _lЦветелина Шанова |
||